Lemon Demon - Pumpkin Pie Lyrics - Statistics

General Stats
  • This quiz has been taken 6 times
    3 since last reset
  • The average score is 274 of 302
Answer Stats
Answer % Correct
a
100%
all
100%
alone
100%
And
100%
and
100%
bronze
100%
but
100%
But
100%
came
100%
day
100%
days
100%
delicious
100%
do
100%
every
100%
fame
100%
for
100%
frowned
100%
gold
100%
he
100%
He
100%
his
100%
His
100%
I
100%
i’m
100%
in
100%
know
100%
lived
100%
made
100%
merchant
100%
most
100%
name
100%
never
100%
night
100%
No
100%
not
100%
of
100%
old
100%
or
100%
passersby
100%
pie
100%
pies
100%
pumpkin
100%
sat
100%
sighed
100%
silver
100%
so
100%
sold
100%
that
100%
the
100%
The
100%
There
100%
throne
100%
to
100%
told
100%
unwound
100%
up
100%
upon
100%
wanted
100%
was
100%
Who
100%
with
100%
angry
67%
as
67%
away
67%
be
67%
became
67%
Before
67%
big
67%
bound
67%
buy
67%
called
67%
castle
67%
chamber
67%
could
67%
dry
67%
feed
67%
Feed
67%
filled
67%
Folks
67%
found
67%
full
67%
give
67%
glee
67%
gray
67%
hair
67%
he’d
67%
him
67%
himself
67%
is
67%
it
67%
king
67%
knew
67%
men
67%
much
67%
next
67%
offered
67%
pain
67%
presented
67%
pride
67%
recipe
67%
remembered
67%
say
67%
scream
67%
silly
67%
sing
67%
Soon
67%
soon
67%
sunset
67%
supply
67%
swing
67%
they
67%
They
67%
they’d
67%
thing
67%
things
67%
three
67%
tied
67%
torture
67%
tortured
67%
trinkets
67%
turned
67%
underground
67%
which
67%
whole
67%
would
67%
wouldn’t
67%
you
67%
take
33%
No matching quizzes found
Score Distribution
Percent of People with Each Score
Percentile by Number Answered
Your Score History
You have not taken this quiz since the last reset